| 000 | 01101cab a2200277 4500 | ||
|---|---|---|---|
| 001 | WB3001-23 | ||
| 008 | 090401t1993 xxu||||| |||| 00| 0 eng d | ||
| 035 | _a(Sirsi) u42007 | ||
| 041 | _aeng | ||
| 245 | _aEnvironmental management | ||
| 260 | _c1993 | ||
| 300 | _aLOAN | ||
| 350 | _a0 | ||
| 490 |
_aFinancial Times _v22 December 1993, (6) |
||
| 520 | _aAn FT survey which looks at the personal liability of company directors and the threat of criminal prosecution, summarises existing UK environmental regulations, the problems of obtaining insurance cover, advises on choosing environmental consultants concluding with a round-up on contaminated land issues including "Eastern Counties Leather v Cambridge Water Company" 1993 and on US experiences. | ||
| 650 | _aCOMPANY DIRECTORS | ||
| 650 | _aCONTAMINATED LAND | ||
| 650 | _aCRIMINAL PROSECUTION | ||
| 650 | _aENVIRONMENTAL CONSULTANTS | ||
| 650 | _aENVIRONMENTAL MANAGEMENT | ||
| 650 |
_aInsurance _96249 |
||
| 650 | _aPERSONAL LIABILITY | ||
| 690 | _aENVIRONMENTAL AND LAND CONSULTANCY | ||
| 942 | _n0 | ||
| 948 | _c04/03/1997 | ||
| 999 |
_c26979 _d26979 |
||